| 000 | 00376 a2200157 4500 | ||
|---|---|---|---|
| 001 | 70184 | ||
| 020 | _a8586295124 | ||
| 040 | _cAnchieta - Itaigara | ||
| 100 | _aGuedes, Hardy | ||
| 240 | 1 | 0 |
_aA mãe-dàgua, o violeiro e o diabo _lpor |
| 245 | 1 | 0 | _aA mãe-dàgua, o violeiro e o diabo |
| 300 | _a | ||
| 362 | 0 | _a1998 | |
| 650 | 4 | _aLiteratura infanto-juvenil | |
| 942 | _cBK | ||
| 999 |
_c70184 _d70184 |
||